000 00642nam a2200181Ia 4500
008 090124s9999 xx 000 0 und d
082 _b25698
100 _aमहाजन सुशिला
245 _a दीपज्योतिर्नमोsस्तुते
250 _a1
260 _bशिल्पा प्रकाशन
_c1987
300 _a232
600 _aमहाजन सुशिला
630 _a दीपज्योतिर्नमोsस्तुते
700 _aमहाजन सुशिला
730 _a दीपज्योतिर्नमोsस्तुते
942 _cBOOK
999 _c93474
_d93474